[Event "Oberliga Bayern 2122"]
[Site "Bayern"]
[Date "2022.05.08"]
[Round "8.1"]
[White "Schuster, Karsten"]
[Black "Luther, Thomas"]
[Result "1/2-1/2"]
[WhiteElo "2275"]
[BlackElo "2483"]
[PlyCount "57"]
[EventDate "2021.10.24"]
[EventType "team-tourn"]
[EventRounds "9"]
[EventCountry "GER"]
[SourceTitle "EXT 2024"]
[Source "ChessBase"]
[SourceDate "2023.10.10"]
[SourceVersion "1"]
[SourceVersionDate "2023.10.10"]
[SourceQuality "1"]
[WhiteTeam "Groebenzell"]
[BlackTeam "Weilheim"]
[WhiteTeamCountry "GER"]
[BlackTeamCountry "GER"]

1. d4 e6 2. c4 Nf6 3. Nc3 Bb4 4. Qc2 d5 5. cxd5 exd5 6. Bg5 Be6 7. e3 Nbd7 8. Nf3 0-0 9. a3 Be7 10. Bd3 h6 11. Bh4 a6 12. 0-0 c6 13. b4 Rc8 14. Na4 Ne8 15. Bg3 Bd6 16. Nc5 Bxg3 17. hxg3 Nxc5 18. bxc5 Rc7 19. Rab1 Bc8 20. Ne5 Nf6 21. Rb4 Ng4 22. Nxg4 Bxg4 23. Rfb1 Qe7 24. Bf5 Bxf5 25. Qxf5 Rd8 26. R1b3 Rdd7 27. Qb1 h5 28. Qf5 g6 29. Qf4 1/2-1/2

[Event "BL2-Ost 1819"]
[Site "Germany"]
[Date "2018.11.10"]
[Round "1.1"]
[White "Papp, Gabor"]
[Black "Luther, Thomas"]
[Result "1/2-1/2"]
[WhiteElo "2603"]
[BlackElo "2524"]
[PlyCount "51"]
[EventDate "2018.11.10"]
[EventType "team-tourn"]
[EventRounds "10"]
[EventCountry "GER"]
[SourceTitle "CBM 190 Extra"]
[Source "ChessBase"]
[SourceDate "2019.07.15"]
[SourceVersion "1"]
[SourceVersionDate "2019.07.15"]
[SourceQuality "1"]
[WhiteTeam "Aue Nickelhuette"]
[BlackTeam "Weilheim"]
[WhiteTeamCountry "GER"]
[BlackTeamCountry "GER"]

1. d4 d5 2. c4 c6 3. Nf3 Nf6 4. e3 Bg4 5. Nc3 e6 6. Qb3 Qb6 7. Ne5 Bf5 8. c5 Qc7 9. Qa4 Nbd7 10. Nxd7 Nxd7 11. Be2 Be7 12. Bd2 0-0 13. g4 Bg6 14. h4 f6 15. h5 Bf7 16. Qc2 b6 17. Bd3 h6 18. b4 a5 19. cxb6 Nxb6 20. bxa5 Nc4 21. Bxc4 dxc4 22. Ne2 c5 23. Qe4 Qb7 24. Ng3 cxd4 25. 0-0 dxe3 26. Bxe3 1/2-1/2

[Event "Tekirdag Rodosto"]
[Site "Tekirdag"]
[Date "2016.11.09"]
[Round "7"]
[White "Torre, Eugenio"]
[Black "Luther, Thomas"]
[Result "1/2-1/2"]
[WhiteElo "2494"]
[BlackElo "2533"]
[PlyCount "114"]
[EventDate "2016.11.02"]
[EventType "tourn"]
[EventRounds "9"]
[EventCountry "TUR"]
[EventCategory "11"]
[SourceTitle "CBM 175 Extra"]
[Source "ChessBase"]
[SourceDate "2016.12.12"]
[SourceVersion "1"]
[SourceVersionDate "2016.12.12"]
[SourceQuality "1"]

1. d4 e6 2. Bf4 c5 3. e3 cxd4 4. exd4 Qb6 5. Nc3 Nf6 6. a3 d6 7. Nf3 Bd7 8. Rb1 Bc6 9. Bc4 Nbd7 10. d5 exd5 11. Bxd5 Nxd5 12. Nxd5 Qa5+ 13. Nb4 Ne5 14. 0-0 Nxf3+ 15. gxf3 0-0-0 16. Nxc6 bxc6 17. Qd3 g5 18. b4 Qc7 19. Be3 Rg8 20. Qa6+ Qb7 21. Qxa7 Qxa7 22. Bxa7 Kc7 23. Bd4 Ra8 24. Rb3 Rg6 25. Re1 Re6 26. Ree3 d5 27. Be5+ Kb6 28. Kg2 Kb5 29. f4 Rae8 30. Kf3 h5 31. h3 f6 32. Bxf6 gxf4 33. Rxe6 Rxe6 34. Bc3 Bd6 35. Bd2 Re4 36. Rc3 Rd4 37. Bc1 Re4 38. a4+ Kxa4 39. Rxc6 Bxb4 40. Bxf4 Kb5 41. Rc8 Bc5 42. Rh8 Rc4 43. Rxh5 Rxc2 44. Bg3 Kc4 45. h4 Rc3+ 46. Kg4 d4 47. Rh8 d3 48. Rd8 Kb3 49. h5 Rc4+ 50. Kf3 Kc2 51. Bf4 Bxf2 52. h6 Be1 53. h7 Bc3 54. h8Q Bxh8 55. Rxh8 d2 56. Rh2 Rxf4+ 57. Kxf4 Kc1 1/2-1/2

[Event "Tekirdag Rodosto"]
[Site "Tekirdag"]
[Date "2016.11.06"]
[Round "5"]
[White "Damljanovic, Branko"]
[Black "Luther, Thomas"]
[Result "1/2-1/2"]
[WhiteElo "2567"]
[BlackElo "2533"]
[PlyCount "80"]
[EventDate "2016.11.02"]
[EventType "tourn"]
[EventRounds "9"]
[EventCountry "TUR"]
[EventCategory "11"]
[SourceTitle "CBM 175 Extra"]
[Source "ChessBase"]
[SourceDate "2016.12.12"]
[SourceVersion "1"]
[SourceVersionDate "2016.12.12"]
[SourceQuality "1"]

1. c4 e5 2. Nc3 Nf6 3. Nf3 Nc6 4. g3 d5 5. cxd5 Nxd5 6. Bg2 Nb6 7. 0-0 Be7 8. a3 0-0 9. b4 Re8 10. d3 Bf8 11. Bb2 Bg4 12. h3 Bf5 13. e4 Be6 14. Ne2 f6 15. d4 exd4 16. Nexd4 Nxd4 17. Nxd4 Bf7 18. Qc2 Nc4 19. Rfd1 Nxb2 20. Qxb2 Qe7 21. Nb3 Rad8 22. Na5 c6 23. Qc3 Qc7 24. Rac1 Rxd1+ 25. Rxd1 c5 26. bxc5 Bxc5 27. Rc1 Rc8 28. Kh1 Bb6 29. Qxc7 Rxc7 30. Rxc7 Bxc7 31. Nxb7 Kf8 32. Bf1 Ke7 33. Bb5 Bb6 34. Kg2 Be6 35. Bc6 Bd7 36. Bd5 Bc8 37. f4 Kd7 38. e5 fxe5 39. fxe5 Bxb7 40. Bxb7 Ke6 1/2-1/2

[Event "Tekirdag Rodosto"]
[Site "Tekirdag"]
[Date "2016.11.04"]
[Round "3"]
[White "Yermolinsky, Alex"]
[Black "Luther, Thomas"]
[Result "1/2-1/2"]
[WhiteElo "2478"]
[BlackElo "2533"]
[PlyCount "66"]
[EventDate "2016.11.02"]
[EventType "tourn"]
[EventRounds "9"]
[EventCountry "TUR"]
[EventCategory "11"]
[SourceTitle "CBM 175 Extra"]
[Source "ChessBase"]
[SourceDate "2016.12.12"]
[SourceVersion "1"]
[SourceVersionDate "2016.12.12"]
[SourceQuality "1"]

1. d4 e6 2. Nf3 d5 3. Bf4 Bd6 4. Bg3 Nf6 5. e3 0-0 6. Nbd2 b6 7. c3 Bb7 8. Bd3 Ne4 9. Qe2 Nd7 10. 0-0 Nxg3 11. hxg3 Re8 12. Ba6 Qc8 13. Bxb7 Qxb7 14. c4 e5 15. dxe5 Bxe5 16. cxd5 Bxb2 17. Rab1 Bf6 18. Qc4 Ne5 19. Nxe5 Rxe5 20. e4 c6 21. dxc6 Qc7 22. Rfc1 Rc8 23. Nf3 Rc5 24. Qa4 Bc3 25. Nd4 Bxd4 26. Qxd4 Qxc6 27. Rxc5 Qxc5 28. Qd7 Qc7 29. Rd1 h6 30. a4 Qxd7 31. Rxd7 Rc1+ 32. Kh2 Rc4 33. Rxa7 Rxe4 1/2-1/2

[Event "Tekirdag Rodosto"]
[Site "Tekirdag"]
[Date "2016.11.02"]
[Round "1"]
[White "Atalik, Suat"]
[Black "Luther, Thomas"]
[Result "1/2-1/2"]
[WhiteElo "2550"]
[BlackElo "2533"]
[PlyCount "89"]
[EventDate "2016.11.02"]
[EventType "tourn"]
[EventRounds "9"]
[EventCountry "TUR"]
[EventCategory "11"]
[SourceTitle "CBM 176"]
[Source "ChessBase"]
[SourceDate "2017.01.17"]
[SourceVersion "1"]
[SourceVersionDate "2017.01.17"]
[SourceQuality "1"]

1. d4 e6 2. Nf3 d5 3. c4 Nf6 4. Nc3 Bb4 5. Bg5 h6 6. Bxf6 Qxf6 7. Qb3 c5 8. cxd5 exd5 9. a3 cxd4 10. axb4 dxc3 11. Qxc3 Qxc3+ 12. bxc3 Bg4 13. Nd4 Ke7 14. Kd2 Rc8 15. f3 Be6 16. e3 Nd7 17. Bd3 Nb6 18. Ra5 a6 19. Rha1 Bd7 20. h4 Rab8 21. g4 Rc7 22. b5 axb5 23. Nxb5 Rc5 24. Nd4 Rxa5 25. Rxa5 Ra8 26. Rxa8 Nxa8 27. e4 dxe4 28. Bxe4 Bc8 29. Nb5 Nb6 30. Kd3 Na4 31. Kd4 b6 32. Nc7 Bd7 33. Bc2 Kd6 34. Nd5 b5 35. Ne3 Nc5 36. Nf5+ Bxf5 37. gxf5 f6 38. f4 Na6 39. Bd3 Nc7 40. Be4 Na6 41. Bd3 Nc7 42. Be4 Na6 43. Bd3 Kc6 44. Be4+ Kd6 45. Bd3 1/2-1/2

[Event "AUT-chT 1617"]
[Site "Austria"]
[Date "2016.10.20"]
[Round "1.2"]
[White "Martinovic, Sasa"]
[Black "Luther, Thomas"]
[Result "1-0"]
[WhiteElo "2563"]
[BlackElo "2541"]
[PlyCount "61"]
[EventDate "2016.10.20"]
[EventType "team-tourn"]
[EventRounds "11"]
[EventCountry "AUT"]
[SourceTitle "CBM 175 Extra"]
[Source "ChessBase"]
[SourceDate "2016.12.12"]
[SourceVersion "1"]
[SourceVersionDate "2016.12.12"]
[SourceQuality "1"]
[WhiteTeam "Hohenems"]
[BlackTeam "Absam"]
[WhiteTeamCountry "AUT"]
[BlackTeamCountry "AUT"]

1. d4 e6 2. c4 Bb4+ 3. Nd2 c5 4. a3 Bxd2+ 5. Qxd2 cxd4 6. Nf3 Nf6 7. Nxd4 0-0 8. e3 d5 9. b3 e5 10. Nf3 Nc6 11. Bb2 d4 12. exd4 exd4 13. Be2 Bf5 14. Nxd4 Ne4 15. Qe3 Nxd4 16. Qxd4 Qg5 17. f4 Qh6 18. Rd1 Rae8 19. 0-0 Ng3 20. hxg3 Rxe2 21. Rfe1 Rxe1+ 22. Rxe1 Qg6 23. Re5 f6 24. Qd5+ Kh8 25. Rxf5 Qxg3 26. Qf3 Qe1+ 27. Qf1 Qe3+ 28. Kh2 h6 29. b4 Re8 30. Rd5 Qb3 31. Rd2 1-0

[Event "AUT-chT 1516"]
[Site "Austria"]
[Date "2016.02.27"]
[Round "7.1"]
[White "Luther, Thomas"]
[Black "Melkumyan, Hrant"]
[Result "1/2-1/2"]
[WhiteElo "2567"]
[BlackElo "2632"]
[PlyCount "178"]
[EventDate "2015.11.05"]
[EventType "team-tourn"]
[EventRounds "11"]
[EventCountry "AUT"]
[SourceTitle "EXT 2017"]
[Source "ChessBase"]
[SourceDate "2016.10.25"]
[SourceVersion "1"]
[SourceVersionDate "2016.10.25"]
[SourceQuality "1"]
[WhiteTeam "Absam"]
[BlackTeam "Wulkaprodersdorf"]
[WhiteTeamCountry "AUT"]
[BlackTeamCountry "AUT"]

1. e4 e5 2. Nf3 Nc6 3. Bb5 a6 4. Bxc6 dxc6 5. 0-0 Qf6 6. d4 exd4 7. Bg5 Qd6 8. Nxd4 Bd7 9. Nc3 Be7 10. Bxe7 Nxe7 11. Nde2 0-0-0 12. Qc1 Qc5 13. Rb1 b6 14. b4 Qc4 15. Qa3 Ng6 16. Rfd1 Be6 17. b5 cxb5 18. Qxa6+ Kb8 19. Re1 b4 20. Qxc4 Bxc4 21. Rxb4 Bxe2 22. Nxe2 Rd2 23. Rc4 Ne5 24. Rc3 Kb7 25. Ng3 g5 26. Nf1 Rd4 27. f3 Ra8 28. Ra1 Rda4 29. a3 Nc4 30. Ne3 Nxa3 31. Rd1 Nb5 32. Rcd3 Ra1 33. Rxa1 Rxa1+ 34. Kf2 Ra2 35. Kg3 Na3 36. Rd7 Nxc2 37. Nd5 Ne1 38. Rxc7+ Kb8 39. Kg4 Rxg2+ 40. Kf5 Nxf3 41. Rxf7 Rxh2 42. Nxb6 h5 43. e5 g4 44. e6 Nd4+ 45. Ke5 Nxe6 46. Kxe6 g3 47. Rg7 h4 48. Nd7+ Ka7 49. Ne5+ Ka6 50. Nf3 Rh1 51. Rg4 h3 52. Rxg3 h2 53. Rh3 Kb5 54. Nxh2 Kc4 55. Rh8 Re1+ 56. Kf5 Rh1 57. Rc8+ Kd5 58. Rd8+ Kc5 59. Nf3 Rh6 60. Ke4 Rh5 61. Ra8 Rh1 62. Ra5+ Kd6 63. Rd5+ Ke7 64. Rd2 Kf6 65. Rd6+ Ke7 66. Ra6 Rf1 67. Nd4 Re1+ 68. Kd5 Kf7 69. Nf3 Rd1+ 70. Ke5 Ke7 71. Rh6 Kd7 72. Rh7+ Kc6 73. Nd4+ Kc5 74. Rc7+ Kb6 75. Rc6+ Kb7 76. Rc2 Rh1 77. Kd6 Rh6+ 78. Ne6 Ka6 79. Rb2 Rg6 80. Kd5 Ka5 81. Kc5 Ka4 82. Nd4 Rg5+ 83. Kc4 Ka5 84. Nc6+ Ka6 85. Ne7 Rg1 86. Nd5 Rc1+ 87. Nc3 Rh1 88. Ne4 Rh4 89. Kd5 Ka5 1/2-1/2

[Event "Oberliga Ost-B 1516"]
[Site "Germany"]
[Date "2015.11.15"]
[Round "4.1"]
[White "Luther, Thomas"]
[Black "Geske, Julian"]
[Result "1/2-1/2"]
[WhiteElo "2567"]
[BlackElo "2398"]
[PlyCount "75"]
[EventDate "2015.09.20"]
[EventType "team-tourn"]
[EventRounds "11"]
[EventCountry "GER"]
[SourceTitle "EXT 2017"]
[Source "ChessBase"]
[SourceDate "2016.10.25"]
[SourceVersion "1"]
[SourceVersionDate "2016.10.25"]
[SourceQuality "1"]
[WhiteTeam "Erfurt Empor"]
[BlackTeam "Wiesbaden"]
[WhiteTeamCountry "GER"]
[BlackTeamCountry "GER"]

1. e4 e5 2. Nf3 Nc6 3. Bb5 a6 4. Bxc6 dxc6 5. 0-0 Qf6 6. d4 exd4 7. Bg5 Qd6 8. Nxd4 Be7 9. Be3 Nh6 10. f3 0-0 11. Nc3 f5 12. Qe2 fxe4 13. Nxe4 Qg6 14. Bf2 Nf5 15. Nxf5 Bxf5 16. Bg3 Bd6 17. Nxd6 cxd6 18. Qe7 Rf7 19. Qxd6 Qxd6 20. Bxd6 Bxc2 21. Rf2 Rd8 22. Bc5 Bf5 23. Re1 Rfd7 24. Rfe2 Rd5 25. b4 Rd1 26. Rxd1 Rxd1+ 27. Kf2 Rd7 28. a4 a5 29. bxa5 Kf7 30. g4 Bd3 31. Rd2 Rd5 32. Bb6 Bc4 33. Rxd5 Bxd5 34. Ke3 g5 35. Bd8 Kg6 36. f4 gxf4+ 37. Kxf4 Bb3 38. Bb6 1/2-1/2

[Event "AUT-chT 1516"]
[Site "Austria"]
[Date "2015.11.08"]
[Round "4.5"]
[White "Luther, Thomas"]
[Black "Rozentalis, Eduardas"]
[Result "1/2-1/2"]
[WhiteElo "2567"]
[BlackElo "2553"]
[PlyCount "60"]
[EventDate "2015.11.05"]
[EventType "team-tourn"]
[EventRounds "11"]
[EventCountry "AUT"]
[SourceTitle "CBM 169 Extra"]
[Source "ChessBase"]
[SourceDate "2015.12.18"]
[SourceVersion "1"]
[SourceVersionDate "2015.12.18"]
[SourceQuality "1"]
[WhiteTeam "Absam"]
[BlackTeam "Hohenems"]
[WhiteTeamCountry "AUT"]
[BlackTeamCountry "AUT"]

1. e4 e5 2. Nf3 Nf6 3. Nxe5 d6 4. Nf3 Nxe4 5. d3 Nf6 6. d4 Be7 7. Bd3 0-0 8. h3 Nc6 9. a3 Be6 10. 0-0 h6 11. Re1 Re8 12. Nbd2 Bf8 13. Nf1 Bd5 14. Be3 Be4 15. Bxe4 Nxe4 16. d5 Nb8 17. c4 Nd7 18. Qc2 Qf6 19. Re2 Qg6 20. Rae1 Ng5 21. Nxg5 Qxc2 22. Rxc2 hxg5 23. Nh2 f6 24. Nf3 c5 25. dxc6 bxc6 26. Nd4 Rac8 27. Rd1 a6 28. b4 c5 29. Nf5 cxb4 30. axb4 Ne5 1/2-1/2

[Event "Oberliga Ost-B 1516"]
[Site "Germany"]
[Date "2015.09.20"]
[Round "1.1"]
[White "Grafl, Florian"]
[Black "Luther, Thomas"]
[Result "0-1"]
[WhiteElo "2403"]
[BlackElo "2567"]
[PlyCount "46"]
[EventDate "2015.09.20"]
[EventType "team-tourn"]
[EventRounds "11"]
[EventCountry "GER"]
[SourceTitle "EXT 2017"]
[Source "ChessBase"]
[SourceDate "2016.10.25"]
[SourceVersion "1"]
[SourceVersionDate "2016.10.25"]
[SourceQuality "1"]
[WhiteTeam "Kassel"]
[BlackTeam "Erfurt Empor"]
[WhiteTeamCountry "GER"]
[BlackTeamCountry "GER"]

1. f4 d5 2. Nf3 g6 3. g3 b6 4. Bg2 Bb7 5. 0-0 Bg7 6. d3 Nh6 7. Qe1 d4 8. c3 c5 9. Na3 0-0 10. Nc2 Nc6 11. Bd2 Qd7 12. b4 dxc3 13. Bxc3 Nd4 14. Bxd4 cxd4 15. Ne5 Bxe5 16. Bxb7 Qxb7 17. fxe5 Qd5 18. Qd2 Nf5 19. Rf4 Qxe5 20. Re4 Qg7 21. g4 Nd6 22. Rxe7 Qf6 23. Rc7 Qd8 0-1

[Event "AUT-chT 1415"]
[Site "Austria"]
[Date "2015.03.21"]
[Round "11.4"]
[White "Bromberger, Stefan"]
[Black "Luther, Thomas"]
[Result "1-0"]
[WhiteElo "2526"]
[BlackElo "2581"]
[PlyCount "119"]
[EventDate "2014.11.20"]
[EventType "team-tourn"]
[EventRounds "11"]
[EventCountry "AUT"]
[SourceTitle "EXT 2016"]
[Source "ChessBase"]
[SourceDate "2015.10.08"]
[SourceVersion "1"]
[SourceVersionDate "2015.10.08"]
[SourceQuality "1"]
[WhiteTeam "Salzburg"]
[BlackTeam "Absam"]
[WhiteTeamCountry "AUT"]
[BlackTeamCountry "AUT"]

1. e4 e6 2. d4 d5 3. Nc3 Nf6 4. e5 Nfd7 5. f4 c5 6. Nf3 Nc6 7. Be3 cxd4 8. Nxd4 Bc5 9. Qd2 Nxd4 10. Bxd4 Bxd4 11. Qxd4 Qb6 12. Qd2 Nc5 13. 0-0-0 Bd7 14. Qd4 Rc8 15. Kb1 Rc7 16. h4 Kd8 17. h5 Kc8 18. a3 Rd8 19. Qb4 Na4 20. Nxa4 Qxb4 21. axb4 Bxa4 22. Bd3 h6 23. b5 Rc5 24. b4 Rc3 25. Kb2 d4 26. Ra1 Bb3 27. Rxa7 Bc4 28. Be4 Bd5 29. Ra8+ Kd7 30. Rxd8+ Kxd8 31. Rd1 Rc4 32. Bd3 Rc3 33. Bf1 Rg3 34. Rxd4 Kc7 35. Rd2 b6 36. Rd3 Rxd3 37. cxd3 f6 38. exf6 gxf6 39. g4 Kd7 40. g5 Ke7 41. gxh6 Kf7 42. Kc3 Kg8 43. Kd4 Ba2 44. Bg2 Kh7 45. Bf3 Bb3 46. Ke3 Kxh6 47. d4 Bc2 48. d5 exd5 49. Kd4 Bb3 50. Bxd5 Bd1 51. Bf7 Kg7 52. Be8 Bb3 53. Ke4 Be6 54. Bg6 Kh6 55. Bf5 Bg8 56. Bd7 Kg7 57. Kf5 Bc4 58. h6+ Kf7 59. Be8+ Kxe8 60. Kxf6 1-0

[Event "AUT-chT 1415"]
[Site "Austria"]
[Date "2015.03.19"]
[Round "9.3"]
[White "Votava, Jan"]
[Black "Luther, Thomas"]
[Result "1/2-1/2"]
[WhiteElo "2526"]
[BlackElo "2581"]
[PlyCount "75"]
[EventDate "2014.11.20"]
[EventType "team-tourn"]
[EventRounds "11"]
[EventCountry "AUT"]
[SourceTitle "EXT 2016"]
[Source "ChessBase"]
[SourceDate "2015.10.08"]
[SourceVersion "1"]
[SourceVersionDate "2015.10.08"]
[SourceQuality "1"]
[WhiteTeam "Mayrhofen/Zillertal"]
[BlackTeam "Absam"]
[WhiteTeamCountry "AUT"]
[BlackTeamCountry "AUT"]

1. d4 e6 2. c4 Nf6 3. Nf3 b6 4. g3 Bb7 5. Bg2 g6 6. 0-0 Bg7 7. Bg5 h6 8. Bxf6 Qxf6 9. Nc3 Qe7 10. e3 d6 11. Ne1 Bxg2 12. Nxg2 0-0 13. Qf3 c6 14. Rac1 a6 15. Rfd1 Ra7 16. b3 d5 17. cxd5 cxd5 18. Na4 Nd7 19. Nf4 b5 20. Nc5 Nxc5 21. Rxc5 Rc7 22. Nd3 Rxc5 23. Nxc5 Ra8 24. Rc1 h5 25. Nd3 Qd8 26. Rc6 Qd7 27. Rc5 Qd8 28. Qe2 Bf8 29. Rc6 Rc8 30. Qc2 Rxc6 31. Qxc6 Qa5 32. Qc2 Bd6 33. Kg2 Kg7 34. Qc6 Qd2 35. Qxd6 Qxd3 36. Qxa6 Qe4+ 37. Kg1 Qb1+ 38. Kg2 1/2-1/2

[Event "Oberliga Ost-B 1415"]
[Site "Germany"]
[Date "2015.02.22"]
[Round "8.1"]
[White "Knopf, Felix"]
[Black "Luther, Thomas"]
[Result "0-1"]
[WhiteElo "1929"]
[BlackElo "2577"]
[PlyCount "50"]
[EventDate "2014.09.21"]
[EventType "team-tourn"]
[EventRounds "11"]
[EventCountry "GER"]
[SourceTitle "EXT 2016"]
[Source "ChessBase"]
[SourceDate "2015.10.08"]
[SourceVersion "1"]
[SourceVersionDate "2015.10.08"]
[SourceQuality "1"]
[WhiteTeam "Merseburg"]
[BlackTeam "Erfurt Empor"]
[WhiteTeamCountry "GER"]
[BlackTeamCountry "GER"]

1. d4 Nf6 2. c4 e6 3. Nc3 Bb4 4. Qc2 d5 5. a3 Bxc3+ 6. Qxc3 dxc4 7. Qxc4 b6 8. Bg5 Ba6 9. Bxf6 Qxf6 10. Qxc7 0-0 11. Nf3 Rc8 12. Qe5 Qg6 13. Qg5 Qe4 14. g3 Nd7 15. Qf4 Qxf4 16. gxf4 Rc2 17. b3 Rac8 18. Rd1 Nf6 19. e3 Bxf1 20. Rxf1 Rb2 21. Nd2 Rcc2 22. f3 Nd5 23. Rf2 Nxe3 24. Ra1 g6 25. b4 Nf5 0-1

[Event "Oberliga Ost-B 1415"]
[Site "Germany"]
[Date "2015.01.17"]
[Round "6.1"]
[White "Luther, Thomas"]
[Black "Dorst, Johannes"]
[Result "1-0"]
[WhiteElo "2577"]
[BlackElo "2253"]
[PlyCount "101"]
[EventDate "2014.09.21"]
[EventType "team-tourn"]
[EventRounds "11"]
[EventCountry "GER"]
[SourceTitle "EXT 2016"]
[Source "ChessBase"]
[SourceDate "2015.10.08"]
[SourceVersion "1"]
[SourceVersionDate "2015.10.08"]
[SourceQuality "1"]
[WhiteTeam "Erfurt Empor"]
[BlackTeam "Marburg"]
[WhiteTeamCountry "GER"]
[BlackTeamCountry "GER"]

1. d4 Nf6 2. c4 g6 3. Nc3 Bg7 4. e4 d6 5. Bd3 e5 6. d5 0-0 7. Nge2 Nbd7 8. h3 a5 9. Bc2 Nc5 10. Rb1 Nh5 11. g4 Nf6 12. Ng3 c6 13. a3 cxd5 14. cxd5 Ne8 15. h4 Qd7 16. b4 axb4 17. axb4 Na6 18. f3 Qc7 19. Bd2 Bd7 20. Qe2 Qd8 21. h5 Rc8 22. Bd3 Qb6 23. Be3 Qc7 24. Bd2 Qb6 25. Qf2 Qd4 26. Qxd4 exd4 27. Nb5 Nac7 28. Na3 Ra8 29. Bc1 f5 30. hxg6 hxg6 31. gxf5 gxf5 32. Nh5 fxe4 33. Bxe4 Nb5 34. Nxb5 Bxb5 35. Rg1 Rf7 36. Bb2 d3 37. Ra1 Rc8 38. Rc1 Ra8 39. Ra1 Rc8 40. Rc1 Ra8 41. Nxg7 Nxg7 42. Kd2 Kf8 43. Bxd3 Bxd3 44. Bxg7+ Rxg7 45. Rxg7 Kxg7 46. Kxd3 Kf6 47. Re1 Kf5 48. Kc4 Kf4 49. Kb5 Kxf3 50. Kb6 Ra4 51. Kxb7 1-0

[Event "AUT-chT 1415"]
[Site "Austria"]
[Date "2014.11.23"]
[Round "4.6"]
[White "Prohaszka, Peter"]
[Black "Luther, Thomas"]
[Result "1-0"]
[WhiteElo "2599"]
[BlackElo "2581"]
[PlyCount "69"]
[EventDate "2014.11.20"]
[EventType "team-tourn"]
[EventRounds "11"]
[EventCountry "AUT"]
[SourceTitle "CBM 163 Extra"]
[Source "ChessBase"]
[SourceDate "2014.12.23"]
[SourceVersion "1"]
[SourceVersionDate "2014.12.23"]
[SourceQuality "1"]
[WhiteTeam "St Veit"]
[BlackTeam "Absam"]
[WhiteTeamCountry "AUT"]
[BlackTeamCountry "AUT"]

1. d4 e6 2. c4 Nf6 3. Nc3 Bb4 4. Qc2 d5 5. cxd5 exd5 6. Bg5 c5 7. dxc5 h6 8. Bh4 0-0 9. e3 Be6 10. Nf3 Nbd7 11. c6 bxc6 12. Be2 Qc7 13. 0-0 Bd6 14. Rac1 Rac8 15. Ba6 Rb8 16. Be2 Ng4 17. Nb5 Bxh2+ 18. Kh1 Qa5 19. Nbd4 Bd6 20. Nxc6 Qxa2 21. Nxb8 Rxb8 22. Nd4 Nge5 23. Nb5 Qa6 24. Ra1 Qb6 25. Nxd6 Qxd6 26. Bg3 d4 27. exd4 Qxd4 28. Qc3 Qxc3 29. bxc3 Rb2 30. Rfe1 Ng6 31. Rxa7 Nc5 32. Bf1 Rc2 33. c4 h5 34. Bd6 Nb3 35. Bd3 1-0

[Event "AUT-chT 1314"]
[Site "Austria"]
[Date "2014.03.21"]
[Round "9.1"]
[White "Lenic, Luka"]
[Black "Luther, Thomas"]
[Result "1/2-1/2"]
[WhiteElo "2651"]
[BlackElo "2556"]
[PlyCount "85"]
[EventDate "2013.12.06"]
[EventType "team-tourn"]
[EventRounds "11"]
[EventCountry "AUT"]
[SourceTitle "EXT 2015"]
[Source "ChessBase"]
[SourceDate "2014.11.20"]
[SourceVersion "1"]
[SourceVersionDate "2014.11.20"]
[SourceQuality "1"]
[WhiteTeam "Raika Feffernitz"]
[BlackTeam "Absam"]
[WhiteTeamCountry "AUT"]
[BlackTeamCountry "AUT"]

1. d4 d5 2. Nf3 Nf6 3. c4 c6 4. e3 a6 5. Qc2 Bg4 6. Nbd2 e6 7. Bd3 Nbd7 8. b3 Bxf3 9. Nxf3 Bb4+ 10. Ke2 Qe7 11. Bb2 Ba3 12. Rhd1 Bxb2 13. Qxb2 0-0 14. Kf1 Rad8 15. b4 Nb6 16. Ne5 Nfd7 17. Nxd7 Nxd7 18. a4 dxc4 19. Bxc4 e5 20. dxe5 Nxe5 21. Be2 h6 22. h3 Rfe8 23. Qc3 Rd7 24. Rxd7 Nxd7 25. Rd1 Nb6 26. Qb3 Rd8 27. Rxd8+ Qxd8 28. a5 Nc8 29. Qc3 Nd6 30. Qd4 Qe7 31. Bd3 g6 32. h4 h5 33. g3 Ne8 34. e4 Nf6 35. Kg2 Nd7 36. Bc4 Ne5 37. Ba2 Nd7 38. Bb3 Kh7 39. f4 Nf6 40. e5 Nd5 41. Qc5 Qd7 42. Bxd5 cxd5 43. Kf2 1/2-1/2

[Event "AUT-chT 1314"]
[Site "Austria"]
[Date "2013.12.06"]
[Round "1.1"]
[White "Luther, Thomas"]
[Black "Baumegger, Siegfried"]
[Result "1-0"]
[WhiteElo "2556"]
[BlackElo "2471"]
[PlyCount "81"]
[EventDate "2013.12.06"]
[EventType "team-tourn"]
[EventRounds "11"]
[EventCountry "AUT"]
[SourceTitle "CBM 157 Extra"]
[Source "ChessBase"]
[SourceDate "2013.12.19"]
[SourceVersion "1"]
[SourceVersionDate "2013.12.19"]
[SourceQuality "1"]
[WhiteTeam "Absam"]
[BlackTeam "Tschaturanga"]
[WhiteTeamCountry "AUT"]
[BlackTeamCountry "AUT"]

1. e4 c5 2. Nf3 Nc6 3. d4 cxd4 4. Nxd4 g6 5. Be2 Bg7 6. Nb3 Nf6 7. Nc3 0-0 8. 0-0 d6 9. Re1 b6 10. Nd5 Bb7 11. Nxf6+ Bxf6 12. c3 Qc7 13. Bf1 Rac8 14. Qe2 Rfd8 15. Bf4 Be5 16. Bxe5 Nxe5 17. Rad1 Nd7 18. Nd4 Nf6 19. f3 a6 20. Kh1 e5 21. Nc2 h5 22. Ne3 Kg7 23. Qf2 d5 24. exd5 Nxd5 25. Nxd5 Rxd5 26. Rxd5 Bxd5 27. f4 Bxa2 28. fxe5 a5 29. c4 Qc6 30. e6 fxe6 31. b3 Bxb3 32. Qb2+ Kh7 33. Qxb3 Rf8 34. Qe3 a4 35. Kg1 Ra8 36. Ra1 Qd6 37. Ra3 Ra5 38. Rd3 Qc5 39. Qxc5 bxc5 40. Ra3 Kg7 41. Kf2 1-0